Horatius és Vergilius "párbeszéde"
Elmentve itt :
| Szerző: | |
|---|---|
| Testületi szerző: | |
| További közreműködők: | |
| Dokumentumtípus: | Könyv része |
| Megjelent: |
2010
|
| Sorozat: | Acta antiqua et archaeologica : supplementum
12 Fikció és propaganda az ókorban : válogatás a VIII. Magyar Ókortudományi Konferencia előadásaiból 12 |
| Kulcsszavak: | Latin irodalom - költészet |
| Tárgyszavak: | |
| Online Access: | http://acta.bibl.u-szeged.hu/32768 |
| LEADER | 01033naa a2200253 i 4500 | ||
|---|---|---|---|
| 001 | acta32768 | ||
| 005 | 20210917122743.0 | ||
| 008 | 161017s2010 hu o 0|| hun d | ||
| 022 | |a 0139-2743 | ||
| 040 | |a SZTE Egyetemi Kiadványok Repozitórium |b hun | ||
| 041 | |a hun | ||
| 100 | 1 | |a Tar Ibolya | |
| 245 | 1 | 0 | |a Horatius és Vergilius "párbeszéde" |h [elektronikus dokumentum] / |c Tar Ibolya |
| 260 | |c 2010 | ||
| 300 | |a 118-126 | ||
| 490 | 0 | |a Acta antiqua et archaeologica : supplementum |v 12 | |
| 490 | 0 | |a Fikció és propaganda az ókorban : válogatás a VIII. Magyar Ókortudományi Konferencia előadásaiból |v 12 | |
| 650 | 4 | |a Bölcsészettudományok | |
| 650 | 4 | |a Nyelvek és irodalom | |
| 695 | |a Latin irodalom - költészet | ||
| 700 | 0 | 2 | |a Horatius Flaccus Quintus |
| 700 | 0 | 2 | |a Vergilius Maro Publius |
| 710 | |a Fikció és propaganda az ókorban : VIII. Magyar Ókortudományi Konferencia, 8., 2008. Május 22-25., Szeged | ||
| 856 | 4 | 0 | |u http://acta.bibl.u-szeged.hu/32768/1/antiqua_suppl_012_118-126.pdf |z Dokumentum-elérés |